ARRUPE JESUIT UNIVERSITY

CORONAVIRUS -STOP THE SPREAD - CLEAN,DISINFECT,COVER

Introductory readings in the philosophy of science / (Record no. 120860)

MARC details
000 -LEADER
fixed length control field 00959cam a2200277 a 4500
001 - CONTROL NUMBER
control field 1022909
003 - CONTROL NUMBER IDENTIFIER
control field ARRUPE
005 - DATE AND TIME OF LATEST TRANSACTION
control field 20141031020006.0
008 - FIXED-LENGTH DATA ELEMENTS--GENERAL INFORMATION
fixed length control field 880429s1988 nyu b 000 0 eng
010 ## - LIBRARY OF CONGRESS CONTROL NUMBER
LC control number 88061285
020 ## - INTERNATIONAL STANDARD BOOK NUMBER
International Standard Book Number 0879754230
040 ## - CATALOGING SOURCE
Original cataloging agency DLC
Transcribing agency DLC
Modifying agency DLC
050 00 - LIBRARY OF CONGRESS CALL NUMBER
Classification number Q175
Item number .I64 1988
300 ## - PHYSICAL DESCRIPTION
Dimensions 23 cm.
245 00 - TITLE STATEMENT
Title Introductory readings in the philosophy of science /
Statement of responsibility, etc edited by E.D. Klemke, Robert Hollinger, A. David Kline.
250 ## - EDITION STATEMENT
Edition statement Rev. ed.
260 ## - PUBLICATION, DISTRIBUTION, ETC. (IMPRINT)
Place of publication, distribution, etc Buffalo, N.Y. :
Name of publisher, distributor, etc Prometheus Books,
Date of publication, distribution, etc 1988.
300 ## - PHYSICAL DESCRIPTION
Extent xv, 440 p. ;
504 ## - BIBLIOGRAPHY, ETC. NOTE
Bibliography, etc Includes bibliographies.
650 #0 - SUBJECT ADDED ENTRY--TOPICAL TERM
Topical term or geographic name as entry element Science
General subdivision Philosophy.
9 (RLIN) 11341
700 1# - ADDED ENTRY--PERSONAL NAME
Personal name Klemke, E. D.
Fuller form of name (Elmer Daniel),
Dates associated with a name 1926-2000.
9 (RLIN) 11342
700 1# - ADDED ENTRY--PERSONAL NAME
Personal name Hollinger, Robert.
9 (RLIN) 11343
700 1# - ADDED ENTRY--PERSONAL NAME
Personal name Kline, A. David.
9 (RLIN) 11344
906 ## - LOCAL DATA ELEMENT F, LDF (RLIN)
a 7
b cbc
c orignew
d 3
e opcn
f 19
g y-gencatlg
942 ## - ADDED ENTRY ELEMENTS (KOHA)
Source of classification or shelving scheme Library of Congress Classification
Koha item type Monograph ( Printed materials)
Koha issues (borrowed), all copies 3
Holdings
Withdrawn status Lost status Source of classification or shelving scheme Damaged status Not for loan Home library Current library Date acquired Total Checkouts Full call number Barcode Date last seen Date checked out Price effective from Koha item type
    Library of Congress Classification     ARRUPE LIBRARY ARRUPE LIBRARY 18/09/2014 5 Q175 .I64 1988 46500000748 03/07/2019 06/11/2018 18/09/2014 Monograph ( Printed materials)

 

Arrupe Library. PO Box MP320 Mt Pleasant, Harare, Zimbabwe
263 242 745411|librarian@aju.ac.zw